000 00317nam a22001337a 4500
008 170331b xxu||||| |||| 00| 0 eng d
020 _a9780815199304
041 _aeng
080 _23RD
_a616-053.2
100 _a8
101 _aSHM
245 _aATLAS OF PEDIATRIC PHYSICAL DIAGNOSIS
_cZITELLI, B.J
942 _2udc
_cBK
999 _c9284
_d9284